Words by their phonetic spelling #1 - Statistics

General Stats
  • This quiz has been taken 37 times
  • The average score is 15 of 20
Answer Stats
IPA Word % Correct
krɪsp Crisp
94%
ˈwɪspər Whisper
90%
kæt Cat
87%
muːn Moon
87%
ˈmɪrər Mirror
84%
ˈvɛlvɪt Velvet
84%
ˈzɪɡˌzæɡ Zigzag
84%
ˈfæbrɪk Fabric
81%
ˈɔːrbɪt Orbit
77%
ˈkɒpər Copper
74%
ˈmɛdoʊ Meadow
74%
ˈfɒsəl Fossil
71%
braɪt Bright
68%
ˈkɛtəl Kettle
68%
ˈθʌndər Thunder
68%
ˈæŋkər Anchor
65%
ʃɪp Ship
65%
ˈdʒʌŋɡəl Jungle
61%
ˈɡleɪʃər Glacier
52%
ˈʃʌvəl Shovel
45%
No matching quizzes found
Score Distribution
Percent of People with Each Score
Percentile by Number Answered
Your Score History
You have not taken this quiz